Taylor Swift - Fearless (Taylor‘s Version) - Statistiken

Allgemein
  • Dieses Quiz wurde 156 mal gespielt
  • Das Durchschnittsergebnis liegt bei 16 aus 26
Antwortstatistiken
Nein Track % Korrekt
1 Fearless
99%
3 Love Story
97%
6 You Belong With Me
95%
2 Fifteen
86%
5 White Horse
85%
4 Hey Stephen
81%
22 Mr. Perfectly Fine
77%
11 Forever & Always
66%
16 Forever & Always (Piano Version)
64%
10 The Way I Loved You
64%
25 Don‘t You
58%
19 The Other Side Of The Door
58%
13 Change
57%
12 The Best Day
57%
9 You‘re Not Sorry
53%
8 Tell Me Why
50%
7 Breathe
49%
18 Superstar
49%
24 That‘s When
49%
20 Today Was A Fairytale
49%
14 Jump Then Fall
47%
17 Come In With The Rain
45%
15 Untouchable
45%
23 We Were Happy
45%
26 Bye Bye Baby
42%
21 You All Over Me
38%
Keine übereinstimmenden Quizze gefunden
Verteilung der Resultate
Anzahl Personen mit jedem Resultat
Perzentil nach korrekt beantworteten Fragen
Ihre Resultats-Entwicklung
Sie haben dieses Quiz noch nicht gespielt